Ономастикон в американському часописі "U.S. News and World Report" (Запис № 284114)

МАРК-запис
000 -LEADER
fixed length control field 01428nam a22001577a 4500
041 ## - LANGUAGE CODE
Language code of text/sound track or separate title ukr
080 ## - UNIVERSAL DECIMAL CLASSIFICATION NUMBER
Universal Decimal Classification number 09
090 ## - LOCALLY ASSIGNED LC-TYPE CALL NUMBER (OCLC); LOCAL CALL NUMBER (OCLC)
Local cutter number (OCLC) ; Book number/undivided call number, CALL (RLIN) ЛІВ
100 ## - MAIN ENTRY--PERSONAL NAME
Personal name Лівінюк О.Я.
245 ## - TITLE STATEMENT
Title Ономастикон в американському часописі "U.S. News and World Report"
260 ## - PUBLICATION, DISTRIBUTION, ETC. (IMPRINT)
Place of publication, distribution, etc Острог
Name of publisher, distributor, etc КАФ
Date of publication, distribution, etc 2009
300 ## - PHYSICAL DESCRIPTION
Extent 43
520 ## - SUMMARY, ETC.
Summary, etc ВСТУП<br/>РОЗДІЛ 1 ЗАГАЛЬНИЙ АНАЛІЗ ЛЕКСИКИ У МОВІ ПУБЛІЦИСТИЧНИХ ТЕКСТІВ<br/>1.1 Використання різних лексичних одиниць у публіцистиці.<br/>1.2 Оніми як лексичні одиниці у загальній структурі публіцистичних текстів.<br/>РОЗДІЛ 2 ЛЕКСИКО-СЕМАНТИЧНИЙ АНАЛІЗ ОНІМІВ У МОВІ АМЕРИКАНСЬКОГО ЧАСОПИСУ "U.S. News and World Report"<br/>2.1 Імена людей.<br/>2.2 Топоніми.<br/>2.3 Ергоніми.<br/>РОЗДІЛ 3 СЕМАНТИЧНИЙ АНАЛІЗ ФРАЗЕОЛОГІЧНИХ ОДИНИЦЬ НА ПОЗНАЧЕННЯ ІМЕН ЛЮДЕЙ, НАЗВ РОСЛИН ТА ТВАРИН В АМЕРИКАНСЬКОМУ ВАРІАНТІ АНГЛІЙСЬКОЇ МОВИ<br/>3.1 Антропоніми.<br/>3.2 фітоніми.<br/>3.3 Зооніми.<br/>ВИСНОВКИ
-- оніми, топоніми , ергоніми,фітоніми
650 ## - SUBJECT ADDED ENTRY--TOPICAL TERM
Topical term or geographic name as entry element Research Papers
942 ## - ADDED ENTRY ELEMENTS (KOHA)
Koha item type Книги
Фонди
Withdrawn status Lost status Source of classification or shelving scheme Damaged status Not for loan Home library Current library Date acquired Source of acquisition Cost, normal purchase price Total Checkouts Full call number Barcode Date last seen Price effective from Koha item type
    Universal Decimal Classification     ВІЛ - Відділ іноземн. літератури НБ ВІЛ - Відділ іноземн. літератури НБ 16/04/2009 Акт №1 1.00   09 213403 20/12/2021 16/04/2009 Книги